| 000 | 00462nab a2200145Ia 4500 | ||
|---|---|---|---|
| 003 | ES-SlBCS | ||
| 005 | 20210601150715.0 | ||
| 008 | 140529s2008 xxu||||| |||| 00| 0 spa d | ||
| 041 | _aspa | ||
| 100 | 1 |
_aCenteno, Jesús Antonio _9326164 |
|
| 245 | 0 | 0 |
_a¿Cómo ser Iglesia misionera en un mundo globalizado? _c Jesús Antonio Centeno |
| 650 | 4 |
_aIglesia Misionera _9188268 |
|
| 773 | 0 |
_tVida Religiosa _gvol. 105, nº. 7, 2008, págs. 39-41 _wRev493 |
|
| 942 | _cAR | ||
| 999 |
_c745299 _d745299 |
||